| 000 | 03458nam a2200385 i 4500 | ||
|---|---|---|---|
| 001 | ebr10801897 | ||
| 003 | CaPaEBR | ||
| 006 | m o d | ||
| 007 | cr cn||||||||| | ||
| 008 | 100604t20112011njua ob 000 0 eng|d | ||
| 020 | _z9781556428517 (alk. paper) | ||
| 020 | _z1556428510 (alk. paper) | ||
| 020 | _a9781617117367 (e-book) | ||
| 040 |
_aCaPaEBR _beng _erda _epn _cCaPaEBR |
||
| 050 | 1 | 4 |
_aRD561 _b.E87 2011eb |
| 082 | 0 | 4 |
_a617.5/820592 _222 |
| 245 | 0 | 0 |
_aEssentials in total knee arthroplasty / _cedited by Javad Parvizi, Brian A. Klatt. |
| 264 | 1 |
_aThorofare, NJ : _bSLACK Incorporated, _c[2011] |
|
| 264 | 4 | _c�2011 | |
| 300 |
_a1 online resource (229 pages) : _billustrations (some color) |
||
| 336 |
_atext _2rdacontent |
||
| 337 |
_acomputer _2rdamedia |
||
| 338 |
_aonline resource _2rdacarrier |
||
| 504 | _aIncludes bibliographical references. | ||
| 505 | 0 | _aApplied anatomy of the total knee arthroplasty / Sarah Lombardo, Arjun Saxena and Javad Parvizi -- Knee biomechanics and biomaterials / Nitin Goyal and William J. Hozack -- Arthritides / Bruce Hopper -- Nonsurgical alternatives/conservative management / Barry E. Kenneally and Peter C. Vitanzo Jr -- Surgical alternatives to total knee arthroplasty / Hany Bedair and David Backstein -- The history of modern total knee replacement / Jennifer K. Bow and Javad Parvizi -- Total knee arthroplasty : indications / Harvey E. Smith and Craig J. Della Valle -- Preoperative patient evaluation for total knee arthroplasty / Benjamin Bender, Ashok L. Gowda and Javad Parvizi -- Surgical approaches to total knee arthroplasty / Gregg R. Klein and Mark A. Hartzband -- Operating room set-up / Manny Porat and William J. Hozack -- Surgical principles of total knee arthroplasty / Gregory K. Deirmengian and Carl A. Deirmengian -- Avoiding and overcoming your nightmares / Michael R. Pagnotto and Brian A. Klatt -- Postoperative analgesia options for the total knee arthroplasty patient / Eric Schwenk ... [et al.] -- Controversies in total knee arthroplasty / James J. Purtill, Khalid A. Azzam -- Early failure in primary total knee arthroplasty / William Arnold -- Mechanisms of failure in total knee arthroplasty / Omar Abdul-Hadi, MD and Peter F. Sharkey -- Patella fracture following total knee arthroplasty / Alvin Ong -- Periprosthetic fracture in total knee arthroplasty / Garen D. Steele and Brian A. Klatt -- Total knee infection / Michael Williamson and Javad Parvizi -- Aseptic loosening / Zachary Post -- Complex primary total knee arthroplasty / Benjamin Bender, Luis Pulido and Javad Parvizi -- Total knee arthroplasty revision / Camilo Restrepo, Eric L. Grossman and Matthew S. Austin -- Total knee arthroplasty rehabilitation / Kristen Hines ... [et al.]. | |
| 588 | _aDescription based on print version record. | ||
| 590 | _aElectronic reproduction. Palo Alto, Calif. : ebrary, 2013. Available via World Wide Web. Access may be limited to ebrary affiliated libraries. | ||
| 650 | 0 | _aTotal knee replacement. | |
| 655 | 0 | _aElectronic books. | |
| 700 | 1 | _aParvizi, Javad. | |
| 700 | 1 | _aKlatt, Brian A. | |
| 776 | 0 | 8 |
_iPrint version: _tEssentials in total knee arthroplasty. _dThorofare, NJ : SLACK Incorporated, [2011] _hxiii, 210 pages ; 29 cm _z9781556428517 _w(OCoLC)ocn640072350 _w(DLC)10801897 |
| 797 | 2 | _aebrary. | |
| 856 | 4 | 0 |
_uhttp://site.ebrary.com/lib/rucke/Doc?id=10801897 _zAn electronic book accessible through the World Wide Web; click to view |
| 999 |
_c144356 _d144356 |
||